Former Countries by Picture - Statistics

General Stats
  • This quiz has been taken 661 times
  • The average score is 10 of 15
Answer Stats
Picture Answer % Correct
Soviet Union
97%
Yugoslavia
91%
Scotland
85%
Ottoman Empire
80%
East/West Germany
78%
Roman Empire
76%
Inca
75%
Austria-Hungary
71%
Catalonia
69%
Maya
69%
Venice
67%
Confederate States
63%
Texas
46%
Tibet
36%
Hawaii
12%
No matching quizzes found
Score Distribution
Percent of People with Each Score
Percentile by Number Answered
Your Score History
You have not taken this quiz